[Event "BEL-chT2 0405"]
[Site "Belgium"]
[Date "2005.01.09"]
[Round "6"]
[White "Van Herck, Marcel"]
[Black "Vercammen, Robert"]
[Result "1-0"]
[WhiteElo "2202"]
[BlackElo "2020"]
[PlyCount "25"]
[EventDate "2004.10.10"]
[EventType "team-swiss"]
[EventRounds "11"]
[EventCountry "BEL"]
[SourceTitle "EXT 2006"]
[Source "ChessBase"]
[SourceDate "2005.11.24"]
[SourceVersion "1"]
[SourceVersionDate "2005.11.24"]
[SourceQuality "1"]
[WhiteTeam "Deurne"]
[BlackTeam "TSM Schifflange"]
[WhiteTeamCountry "BEL"]
[BlackTeamCountry "BEL"]

1. e4 e6 2. d4 d5 3. Nc3 Bb4 4. Nge2 dxe4 5. a3 Bxc3+ 6. Nxc3 Nc6 7. d5 exd5 8. Qxd5 Nf6 9. Qxd8+ Nxd8 10. Bg5 Bf5 11. Bxf6 gxf6 12. Nd5 0-0 13. Ne7+ 1-0

[Event "IECC CL2-2004.31 email"]
[Site "IECC email"]
[Date "2004.10.14"]
[Round "?"]
[White "Vercammen, Robert"]
[Black "Cehajic, Mustafa"]
[Result "1/2-1/2"]
[WhiteElo "2098"]
[BlackElo "2205"]
[PlyCount "80"]
[EventDate "2004.??.??"]
[EventType "tourn (corr)"]
[EventRounds "4"]
[SourceTitle "Corr 2008"]
[Source "ChessBase"]
[SourceDate "2008.06.24"]
[SourceVersion "1"]
[SourceVersionDate "2008.06.24"]
[SourceQuality "1"]

1. d4 Nf6 2. c4 e6 3. Nf3 d5 4. Bg5 c5 5. cxd5 exd5 6. Nc3 Be7 7. dxc5 Be6 8. e3 0-0 9. Rc1 Bxc5 10. Be2 Be7 11. Nd4 Nc6 12. 0-0 Rc8 13. Ncb5 Ne4 14. Bxe7 Qxe7 15. Bd3 Nxd4 16. Rxc8 Rxc8 17. Nxd4 Bd7 18. a3 Qg5 19. Nf3 Qe7 20. Bb1 Qe6 21. Ba2 Nf6 22. Qd4 b6 23. Re1 Qc6 24. Ne5 Qb5 25. Nxd7 Qxd7 26. h3 Qf5 27. Bb1 Qe6 28. Rd1 h6 29. Ba2 Rc2 30. Bxd5 Nxd5 31. Qxd5 Qxd5 32. Rxd5 Rxb2 33. Rd8+ Kh7 34. Rd7 a6 35. Ra7 a5 36. Rxf7 a4 37. e4 Rb1+ 38. Kh2 Rb3 39. Rb7 Kg6 40. f3 Kf6 1/2-1/2

[Event "CFriend SH-2004-0-00024 email"]
[Site "Chessfriend.com"]
[Date "2004.09.04"]
[Round "1"]
[White "Rubio Doblas, Francisco Javier"]
[Black "Vercammen, Robert"]
[Result "1/2-1/2"]
[WhiteElo "2301"]
[BlackElo "2031"]
[PlyCount "43"]
[EventDate "2004.??.??"]
[EventType "tourn (corr)"]
[EventRounds "6"]
[SourceTitle "Corr 2008"]
[Source "ChessBase"]
[SourceDate "2008.06.24"]
[SourceVersion "1"]
[SourceVersionDate "2008.06.24"]
[SourceQuality "1"]

1. e4 d6 2. d4 Nf6 3. Nc3 g6 4. f4 Bg7 5. Nf3 c5 6. Bb5+ Bd7 7. e5 Ng4 8. Bxd7+ Qxd7 9. d5 dxe5 10. h3 e4 11. hxg4 exf3 12. Qxf3 Na6 13. Bd2 0-0-0 14. 0-0-0 Nc7 15. Be1 f5 16. gxf5 Qxf5 17. g4 Qf7 18. Bg3 h5 19. f5 hxg4 20. Qf4 Na6 21. Nb5 Rxd5 22. Rxh8+ 1/2-1/2

[Event "CFriend SH-2004-0-00024 email"]
[Site "Chessfriend.com"]
[Date "2004.09.04"]
[Round "1"]
[White "Vercammen, Robert"]
[Black "Houpt, David"]
[Result "0-1"]
[WhiteElo "2031"]
[BlackElo "2107"]
[PlyCount "52"]
[EventDate "2004.??.??"]
[EventType "tourn (corr)"]
[EventRounds "6"]
[SourceTitle "Corr 2024"]
[Source "ChessBase"]
[SourceDate "2023.10.19"]
[SourceVersion "1"]
[SourceVersionDate "2023.10.19"]
[SourceQuality "1"]

1. Nc3 d5 2. e4 dxe4 3. Nxe4 Bf5 4. Ng3 Bg6 5. h4 h6 6. Nf3 Nd7 7. Bc4 Ngf6 8. h5 Bh7 9. d3 e6 10. Qe2 Bd6 11. Bd2 Qe7 12. 0-0-0 Nb6 13. Bb3 a5 14. a3 a4 15. Ba2 Nbd5 16. Ne4 Bxa3 17. Bxd5 Nxd5 18. c4 Bxe4 19. dxe4 Nb6 20. Bc3 Bc5 21. Bxg7 Rg8 22. Bc3 a3 23. b3 Bb4 24. Bd4 Rxg2 25. Rhg1 Rxg1 26. Rxg1 0-0-0 0-1

[Event "CFriend SH-2004-0-00024 email"]
[Site "Chessfriend.com"]
[Date "2004.09.04"]
[Round "1"]
[White "Vercammen, Robert"]
[Black "Shields, Glen D"]
[Result "0-1"]
[WhiteElo "2031"]
[BlackElo "2232"]
[PlyCount "70"]
[EventDate "2004.??.??"]
[EventType "tourn (corr)"]
[EventRounds "6"]
[SourceTitle "Corr 2008"]
[Source "ChessBase"]
[SourceDate "2008.06.24"]
[SourceVersion "1"]
[SourceVersionDate "2008.06.24"]
[SourceQuality "1"]

1. Nc3 c5 2. Nf3 Nc6 3. d4 cxd4 4. Nxd4 Nf6 5. g3 g6 6. Bg2 Bg7 7. 0-0 0-0 8. Nb3 d6 9. Nd5 Nxd5 10. Qxd5 Bg4 11. Re1 Be6 12. Qd1 a5 13. c3 Qd7 14. e4 a4 15. Nd4 Bh3 16. Bxh3 Qxh3 17. Bg5 Ra5 18. Nxc6 bxc6 19. Qd2 Qe6 20. Be3 Rb8 21. Bd4 Bxd4 22. cxd4 Rab5 23. b3 axb3 24. axb3 Rxb3 25. d5 cxd5 26. exd5 Qf6 27. Ra4 Rb2 28. Qd4 Qxd4 29. Rxd4 R8b7 30. g4 Kf8 31. g5 R7b3 32. Re3 Rxe3 33. fxe3 Re2 34. e4 Kg7 35. h3 f5 0-1

[Event "IECC CL2-2004.15 email"]
[Site "IECC email"]
[Date "2004.05.01"]
[Round "?"]
[White "Vercammen, Robert"]
[Black "Kleinsorgen, Horst M"]
[Result "0-1"]
[WhiteElo "2109"]
[BlackElo "2207"]
[PlyCount "48"]
[EventDate "2004.??.??"]
[EventType "tourn (corr)"]
[EventRounds "4"]
[SourceTitle "Corr 2008"]
[Source "ChessBase"]
[SourceDate "2008.06.24"]
[SourceVersion "1"]
[SourceVersionDate "2008.06.24"]
[SourceQuality "1"]

1. Nc3 d5 2. e4 d4 3. Nce2 e5 4. Ng3 Be6 5. Nf3 f6 6. c3 d3 7. Nxe5 fxe5 8. Qh5+ Kd7 9. Qxe5 Nc6 10. Qb5 Bd6 11. Bxd3 a6 12. Qa4 Qh4 13. Be2 Rf8 14. Bf3 Kc8 15. d4 Bg4 16. Bxg4+ Qxg4 17. Qc2 Qg6 18. f4 Bxf4 19. 0-0 Bd6 20. Rxf8+ Bxf8 21. Bf4 Nf6 22. b4 Bd6 23. Bxd6 cxd6 24. Nf5 Kc7 0-1

[Event "IECG CP.2002.Q.00020 email"]
[Site "IECG email"]
[Date "2003.10.01"]
[Round "?"]
[White "Vercammen, Robert"]
[Black "Buchaillot, Luis Mario"]
[Result "0-1"]
[WhiteElo "2057"]
[BlackElo "2047"]
[PlyCount "28"]
[EventDate "2003.10.01"]
[EventType "tourn (corr)"]
[EventRounds "10"]
[SourceTitle "Corr 2008"]
[Source "ChessBase"]
[SourceDate "2008.06.24"]
[SourceVersion "1"]
[SourceVersionDate "2008.06.24"]
[SourceQuality "1"]

1. e4 g6 2. d4 Bg7 3. Nc3 d6 4. Be3 c6 5. Qd2 Qa5 6. Bd3 Nf6 7. Bh6 Bxh6 8. Qxh6 Qb4 9. Nge2 Qxb2 10. Rb1 Qa3 11. 0-0 Qa5 12. Qd2 b6 13. f4 Ba6 14. e5 dxe5 0-1

[Event "IECC CL2-2003.24 email"]
[Site "IECC email"]
[Date "2003.08.28"]
[Round "?"]
[White "Futida, Souitiro"]
[Black "Vercammen, Robert"]
[Result "1/2-1/2"]
[WhiteElo "2113"]
[BlackElo "2111"]
[PlyCount "72"]
[EventDate "2003.??.??"]
[EventType "tourn (corr)"]
[EventRounds "4"]
[SourceTitle "Corr 2008"]
[Source "ChessBase"]
[SourceDate "2008.06.24"]
[SourceVersion "1"]
[SourceVersionDate "2008.06.24"]
[SourceQuality "1"]

1. d4 d6 2. e4 Nf6 3. Nc3 g6 4. f4 Bg7 5. Nf3 c5 6. Bb5+ Bd7 7. e5 Ng4 8. Bxd7+ Qxd7 9. d5 dxe5 10. h3 e4 11. Nxe4 Nf6 12. Nxf6+ Bxf6 13. 0-0 0-0 14. Be3 Bxb2 15. Rb1 Bg7 16. Bxc5 Rd8 17. Ba3 Qxd5 18. Qxd5 Rxd5 19. Rxb7 Nc6 20. Bxe7 Ra5 21. Rd1 Rxa2 22. Rdd7 Rb2 23. Ba3 Rxb7 24. Rxb7 Bf8 25. Rb3 a5 26. Bxf8 Kxf8 27. Kf2 Ke7 28. Re3+ Kd6 29. Ng5 Ra7 30. Rd3+ Kc5 31. Ne4+ Kb6 32. Rb3+ Kc7 33. c4 f5 34. Nc3 Nd4 35. Rb2 Kc6 36. Ke3 Kc5 1/2-1/2

[Event "IECC CL2-2003.17 email"]
[Site "IECC email"]
[Date "2003.05.09"]
[Round "?"]
[White "Cade, Stephen"]
[Black "Vercammen, Robert"]
[Result "1-0"]
[WhiteElo "2042"]
[BlackElo "2099"]
[PlyCount "69"]
[EventDate "2003.??.??"]
[EventType "tourn (corr)"]
[EventRounds "4"]
[SourceTitle "Corr 2008"]
[Source "ChessBase"]
[SourceDate "2008.06.24"]
[SourceVersion "1"]
[SourceVersionDate "2008.06.24"]
[SourceQuality "1"]

1. d4 e6 2. c4 Nf6 3. Nc3 Bb4 4. f3 d5 5. a3 Bxc3+ 6. bxc3 c5 7. cxd5 Nxd5 8. dxc5 Qa5 9. e4 Nf6 10. Be3 0-0 11. Kf2 Nc6 12. Qb3 Qc7 13. Ne2 e5 14. Rb1 Na5 15. Qb4 Be6 16. Ng3 Rfc8 17. Bb5 a6 18. Be2 Nd7 19. Rhd1 Nxc5 20. Kf1 Nab3 21. Bc4 a5 22. Qb5 Bxc4+ 23. Qxc4 a4 24. Rd5 Ne6 25. Qxc7 Rxc7 26. Ne2 f6 27. Rbd1 Rac8 28. g4 Rc6 29. h4 b6 30. Kf2 Na5 31. Bxb6 Nc4 32. Be3 Rb8 33. Rd7 Ra6 34. Bc1 Rb3 35. Re7 1-0

[Event "IECC CL2-2003.11 email"]
[Site "IECC email"]
[Date "2003.03.12"]
[Round "?"]
[White "Draba, Henryk"]
[Black "Vercammen, Robert"]
[Result "1/2-1/2"]
[WhiteElo "2034"]
[BlackElo "2090"]
[PlyCount "52"]
[EventDate "2003.??.??"]
[EventType "tourn (corr)"]
[EventRounds "4"]
[SourceTitle "Corr 2008"]
[Source "ChessBase"]
[SourceDate "2008.06.24"]
[SourceVersion "1"]
[SourceVersionDate "2008.06.24"]
[SourceQuality "1"]

1. e4 e6 2. d4 d5 3. Nc3 Bb4 4. exd5 exd5 5. Bd2 Nc6 6. Nf3 Bg4 7. Bb5 Nge7 8. 0-0 0-0 9. a3 Bxf3 10. Qxf3 Nxd4 11. Qg4 Nxb5 12. axb4 Nd6 13. Bg5 c6 14. b5 Qc8 15. Qxc8 Ndxc8 16. bxc6 bxc6 17. Be3 Nf5 18. Bc5 Re8 19. Ra6 Re6 20. f3 Rb8 21. b3 h5 22. Kf2 Ncd6 23. Rxa7 d4 24. Ne2 Nb5 25. Raa1 Ne3 26. Rfc1 Nxc2 1/2-1/2

[Event "IECC CL2-2003.11 email"]
[Site "IECC email"]
[Date "2003.03.12"]
[Round "?"]
[White "Nagley, Tim"]
[Black "Vercammen, Robert"]
[Result "1-0"]
[WhiteElo "2102"]
[BlackElo "2094"]
[PlyCount "61"]
[EventDate "2003.??.??"]
[EventType "tourn (corr)"]
[EventRounds "4"]
[SourceTitle "Corr 2008"]
[Source "ChessBase"]
[SourceDate "2008.06.24"]
[SourceVersion "1"]
[SourceVersionDate "2008.06.24"]
[SourceQuality "1"]

1. e4 e6 2. d4 d5 3. Nd2 Nf6 4. e5 Nfd7 5. Bd3 c5 6. c3 Nc6 7. Ne2 Qb6 8. Nf3 cxd4 9. cxd4 f6 10. exf6 Nxf6 11. 0-0 Bd6 12. Nc3 0-0 13. Be3 Bd7 14. Re1 Kh8 15. Ne5 Be8 16. Na4 Qa5 17. Bd2 Qc7 18. Rc1 Bh5 19. f3 Nd7 20. Bc3 b6 21. b4 Qb8 22. Qd2 Ndxe5 23. dxe5 Nxe5 24. Qg5 Nxf3+ 25. gxf3 Bxh2+ 26. Kg2 Bxf3+ 27. Kh3 Rf7 28. Rxe6 Bf4 29. Qh4 Be4 30. Rxe4 dxe4 31. Bxe4 1-0

[Event "IECC CL2-2003.11 email"]
[Site "IECC email"]
[Date "2003.03.12"]
[Round "?"]
[White "Vercammen, Robert"]
[Black "Jensen, Soeren"]
[Result "1-0"]
[WhiteElo "2097"]
[BlackElo "1989"]
[PlyCount "37"]
[EventDate "2003.??.??"]
[EventType "tourn (corr)"]
[EventRounds "4"]
[SourceTitle "Corr 2008"]
[Source "ChessBase"]
[SourceDate "2008.06.24"]
[SourceVersion "1"]
[SourceVersionDate "2008.06.24"]
[SourceQuality "1"]

1. e4 Nc6 2. Nc3 Nf6 3. d4 d5 4. e5 Nd7 5. Nf3 Nb6 6. h3 Bf5 7. Bd3 Qd7 8. 0-0 f6 9. Bf4 0-0-0 10. Nb5 Na8 11. c4 Bxd3 12. Qxd3 g5 13. Bg3 h5 14. cxd5 Qxd5 15. Nc3 Qa5 16. Qf5+ Kb8 17. d5 e6 18. Qxe6 Nxe5 19. Bxe5 1-0

[Event "IECC CL2-2003.11 email"]
[Site "IECC email"]
[Date "2003.03.12"]
[Round "?"]
[White "Vercammen, Robert"]
[Black "Smith, Gerry"]
[Result "1-0"]
[WhiteElo "2100"]
[BlackElo "2064"]
[PlyCount "93"]
[EventDate "2003.??.??"]
[EventType "tourn (corr)"]
[EventRounds "4"]
[SourceTitle "Corr 2008"]
[Source "ChessBase"]
[SourceDate "2008.06.24"]
[SourceVersion "1"]
[SourceVersionDate "2008.06.24"]
[SourceQuality "1"]

1. e4 Nf6 2. e5 Nd5 3. c4 Nb6 4. d4 d6 5. exd6 cxd6 6. Nc3 g6 7. Be3 Bg7 8. Rc1 0-0 9. b3 e5 10. dxe5 dxe5 11. Qxd8 Rxd8 12. c5 N6d7 13. Bc4 Nc6 14. Nf3 Na5 15. Be2 Nc6 16. Nb5 h6 17. 0-0 Nf8 18. Nd6 Rb8 19. a3 Be6 20. b4 Ne7 21. Rfd1 Nd5 22. Bc4 Nxe3 23. fxe3 Bxc4 24. Rxc4 Ne6 25. Rd2 f6 26. Rcc2 Bf8 27. Nc4 e4 28. Nd4 Nxd4 29. exd4 Rd5 30. Ne3 Rd7 31. d5 f5 32. g3 h5 33. b5 Bh6 34. Kf2 Kf7 35. c6 bxc6 36. bxc6 Rb3 37. Re2 Rd8 38. d6 Ke6 39. d7 f4 40. Nd5 e3+ 41. Kf3 fxg3 42. c7 gxh2 43. Rxh2 Kxd7 44. Nf6+ Kc8 45. cxd8Q+ Kxd8 46. Rh4 Bg7 47. Rc6 1-0